| 000 | 00702nam a2200217 i 4500 | ||
|---|---|---|---|
| 001 | bg | ||
| 100 | 1 | _aABU-SABA, Elias G. | |
| 245 | 1 | 0 |
_aDesign of steel structures / _cElias G. Abu-Saba. |
| 260 |
_aNew York [etc.] : _bChapman & Hall, _ccop. 1995. |
||
| 300 |
_aXIV, 391 s. : _brys., wykr. ; _c24 cm. |
||
| 504 | _aIndeks. | ||
| 650 | 9 |
_aKonstrukcje stalowe _xprojekty |
|
| 020 | _a0412984911 | ||
| 040 | _cBPK | ||
| 041 | 0 | _aeng | |
| 080 | _a624.014 | ||
| 920 | _a0-412-98491-1 | ||
| 942 | _cKS | ||
| 008 | s pl f |000 0 pol | ||
| 999 |
_c52826 _d52826 |
||
| 856 |
_uhttp://koha.tu.koszalin.pl/cgi-bin/koha/opac-detail.pl?biblionumber=52826 _yKatalog online BPK |
||